000
00246nam a2200109Ia 4500
100
_a
Kumbhojkar / G.V
942
_c
BK
245
_a
Applied Mathematics III(Computer
260
_b
C.Jamnadas and Co.
_a
Pune
_c
2008
546
_a
ENGLISH
999
_c
24361
_d
24361